Los falsos autónomos en las empresas de plataformas digitales (Registro nro. 19116)

Detalles MARC
000 -LEADER
fixed length control field 00333 a2200109 4500
001 - CONTROL NUMBER
control field ART_49506
005 - DATE AND TIME OF LATEST TRANSACTION
control field 20260410161745.0
008 - FIXED-LENGTH DATA ELEMENTS--GENERAL INFORMATION
fixed length control field 260409a
100 1# - MAIN ENTRY--PERSONAL NAME
Personal name Duarte, David
245 10 - TITLE STATEMENT
Title Los falsos autónomos en las empresas de plataformas digitales
773 0# - HOST ITEM ENTRY
Title Doctrina laboral
Related parts - N° 408 (ago. 2019)
Record control number REV4049

No hay ítems disponibles.